[Event "Creon op 11th"]
[Site "Creon"]
[Date "2006.08.02"]
[Round "4"]
[White "Dumitrache, Dragos Nicolae"]
[Black "Delgado, Francisco"]
[Result "1-0"]
[WhiteElo "2451"]
[BlackElo "1790"]
[PlyCount "33"]
[EventDate "2006.07.31"]
[EventType "swiss"]
[EventRounds "9"]
[EventCountry "FRA"]
[SourceTitle "CBM 113 Extra"]
[Source "ChessBase"]
[SourceDate "2006.09.14"]
[SourceVersion "1"]
[SourceVersionDate "2006.09.14"]
[SourceQuality "1"]

1. d4 d5 2. c4 c6 3. Nf3 Nf6 4. e3 e6 5. Bd3 Nbd7 6. Nbd2 Bd6 7. 0-0 0-0 8. e4 dxe4 9. Nxe4 Nxe4 10. Bxe4 Be7 11. Bc2 Bf6 12. Qd3 g6 13. Bh6 Re8 14. Rad1 e5 15. dxe5 Nxe5 16. Nxe5 Qxd3 17. Nxd3 1-0